| 000 | 00608nam a2200181Ia 4500 | ||
|---|---|---|---|
| 008 | 151202s9999||||xx |||||||||||||| ||und|| | ||
| 082 | _bPNVM-16232 | ||
| 100 | _aसाधु शांतिनाथ. | ||
| 245 | _aअद्वैत सिद्धांत. | ||
| 260 | _bविरचक और प्रकाशक. | ||
| 260 | _c0 | ||
| 300 | _a150 | ||
| 600 | _aसाधु शांतिनाथ. | ||
| 630 | _aअद्वैत सिद्धांत. | ||
| 700 | _aसाधु शांतिनाथ. | ||
| 730 | _aअद्वैत सिद्धांत. | ||
| 942 | _cBOOK | ||
| 999 |
_c1282217 _d1282214 |
||